|
|
|
|
| LEADER |
00941cam a2200229 7i4500 |
| 001 |
0000024855 |
| 005 |
20110511090000.0 |
| 022 |
0 |
0 |
|a 1394-987X
|
| 090 |
0 |
0 |
|a M 690.025
|b MAL
|
| 245 |
2 |
0 |
|a Malaysia builders directory :
|b 2010/ 2011.
|
| 260 |
0 |
0 |
|a Shah Alam:
|b Marshall Cavendish,
|c 2010.
|
| 300 |
# |
# |
|a 404 p.
|
| 650 |
0 |
0 |
|a Surveyors --
|x Directories --
|z Malaysia
|
| 650 |
0 |
0 |
|a Building contractors --
|x Directories --
|z Malaysia
|
| 650 |
0 |
0 |
|a Construction industry --
|x Directories --
|z Malaysia
|
| 650 |
0 |
0 |
|a Developers --
|x Directories --
|z Malaysia
|
| 651 |
0 |
0 |
|a Malaysia
|
| 999 |
|
|
|a JHR000224H
|b Directories
|c Malaysia
|e MATRADE Southern Regional Office
|
| 999 |
|
|
|a PNG000931H
|b Directories
|c Malaysia
|e MATRADE Northern Regional Office
|
| 999 |
|
|
|a SBH000901H
|b Directories
|c Malaysia
|e MATRADE Sabah
|
| 999 |
|
|
|a SRW000328H
|b Directories
|c Malaysia
|e MATRADE Sarawak
|
| 999 |
|
|
|a TRG000213H
|b Directories
|c Malaysia
|e MATRADE Eastern Regional Office
|